000 00955nam a2200217Ia 4500
001 14523
005 20260417175055.0
008 260306t2011||||xx |||||||||||||| ||spa||
041 _aESP
082 _a515.15
_bL25 2011
100 _aLarson, Ron
_eAUT
245 0 _aCálculo
260 _c2011
650 _aGEN
654 _aCMA
856 _uhttps://itmsp.museknowledge.com/UCSP?url=https://www.ebooks7-24.com:443/?il=4320&pg=1
_zVéase además: Cálculo, por Robert A. Adams. Versión digital
856 _uhttps://0u213wx82-y-https-ebooks7--24-com.itmsp.museknowledge.com/biblioteca.aspx
_zVéase además: Base de datos Ebook7-24
856 _uhttps://0u20fwx84-y-https-research-ebsco-com.itmsp.museknowledge.com/c/qxo6us/search
_zVéase además: Base de datos EBSCOhost
856 _uhttps://0u21dwx88-y-https-ebooks-editorialmacro-com.itmsp.museknowledge.com/library
_zVéase además: Base de datos Macro Digital
942 _cLIB
_dJUS
_fJUS
_2ddc
999 _c14523
_d14523